| 000 -LEADER | |
|---|---|
| fixed length control field | 00432nam a22001697a 4500 |
| 005 - DATE AND TIME OF LATEST TRANSACTION | |
| control field | 20160518111915.0 |
| 008 - FIXED-LENGTH DATA ELEMENTS--GENERAL INFORMATION | |
| fixed length control field | 160518b xxu||||| |||| 00| 0 eng d |
| 020 ## - INTERNATIONAL STANDARD BOOK NUMBER | |
| ISBN | 978-81-317-0516-2 |
| 041 ## - LANGUAGE CODE | |
| Language code of text/sound track or separate title | eng |
| 082 ## - DEWEY DECIMAL CLASSIFICATION NUMBER | |
| Item number | 2823 |
| 100 ## - MAIN ENTRY--AUTHOR NAME | |
| Personal name | Taylore, Shirley |
| 245 ## - TITLE STATEMENT | |
| Title | Communication for Business A Prectical Approach |
| 260 ## - PUBLICATION, DISTRIBUTION, ETC. (IMPRINT) | |
| Place of publication | Delhi |
| Name of publisher | Pearson Education, |
| Year of publication | 2006 |
| 300 ## - PHYSICAL DESCRIPTION | |
| Number of Pages | 391 |
| 650 ## - SUBJECT ADDED ENTRY--TOPICAL TERM | |
| Topical Term | Management |
| 942 ## - ADDED ENTRY ELEMENTS (KOHA) | |
| Koha item type | Books |
| Lost status | Damaged status | Collection code | Home library | Current library | Shelving location | Date acquired | Full call number | Accession Number | Koha item type |
|---|---|---|---|---|---|---|---|---|---|
| MANAGEMENT | JRU Library | JRU Library | SHELF-62 -L | 18/05/2016 | 2823 | 2823 | Books | ||
| MANAGEMENT | JRU Library | SHELF-62 -L | 18/05/2016 | 2823 | 2824 | Books | |||
| MANAGEMENT | JRU Library | JRU Library | SHELF-62 -L | 18/05/2016 | 2823 | 2825 | Books | ||
| MANAGEMENT | JRU Library | JRU Library | SHELF-62 -L | 18/05/2016 | 2823 | 2826 | Books | ||
| MANAGEMENT | JRU Library | SHELF-62 -L | 18/05/2016 | 2823 | 2827 | Books | |||
| MANAGEMENT | JRU Library | JRU Library | SHELF-62 -L | 18/05/2016 | 2823 | 2828 | Books | ||
| MANAGEMENT | JRU Library | SHELF-62 -L | 18/05/2016 | 2823 | 2829 | Books | |||
| MANAGEMENT | JRU Library | JRU Library | SHELF-62 -L | 18/05/2016 | 2823 | 2830 | Books | ||
| MANAGEMENT | JRU Library | JRU Library | SHELF-62 -L | 18/05/2016 | 2823 | 2831 | Books |